[Event "IECG CE.2006.0.00100 email"]
[Site "IECG email"]
[Date "2006.12.24"]
[Round "?"]
[White "Simpkins, Nick"]
[Black "Zonneveld, Will"]
[Result "0-1"]
[WhiteElo "1200"]
[BlackElo "1337"]
[PlyCount "26"]
[EventDate "2006.12.24"]
[EventType "tourn (corr)"]
[EventRounds "6"]
[SourceTitle "Corr 2024"]
[Source "ChessBase"]
[SourceDate "2023.10.19"]
[SourceVersion "1"]
[SourceVersionDate "2023.10.19"]
[SourceQuality "1"]

1. e4 e6 2. d4 c5 3. c3 d5 4. exd5 exd5 5. Nf3 Nc6 6. g3 Nf6 7. Bg2 Qe7+ 8. Be3 Ng4 9. Qe2 Nxe3 10. Qxe3 Bg4 11. Nbd2 Qxe3+ 12. fxe3 0-0-0 13. 0-0 Be7 0-1

[Event "IECG QE.2006.0.00104 email"]
[Site "IECG email"]
[Date "2006.10.19"]
[Round "?"]
[White "Trevis, Robert R"]
[Black "Simpkins, Nick"]
[Result "0-1"]
[WhiteElo "1299"]
[BlackElo "1200"]
[PlyCount "80"]
[EventDate "2006.10.19"]
[EventType "tourn (corr)"]
[EventRounds "6"]
[SourceTitle "Corr 2011"]
[Source "ChessBase"]
[SourceDate "2010.08.31"]
[SourceVersion "1"]
[SourceVersionDate "2010.08.31"]
[SourceQuality "1"]

1. e4 e5 2. Nf3 Nc6 3. Nc3 d6 4. Be2 Bg4 5. d4 Bxf3 6. Bxf3 Nxd4 7. 0-0 Nf6 8. Bg5 c6 9. Re1 Qb6 10. Rb1 Be7 11. Na4 Qb4 12. Nc3 Qc4 13. Bxf6 Bxf6 14. Be2 Nxe2+ 15. Rxe2 Be7 16. Qd2 0-0 17. b3 Qe6 18. Ree1 Rfd8 19. Rbd1 b5 20. a3 a5 21. Qe3 b4 22. Nb1 d5 23. exd5 Rxd5 24. Rxd5 cxd5 25. Qxe5 bxa3 26. Qxe6 fxe6 27. Nc3 Bb4 28. Ra1 Bxc3 29. Rxa3 Rc8 30. Ra2 Kf7 31. f4 Kf6 32. Kf2 e5 33. fxe5+ Kxe5 34. Ke3 d4+ 35. Kd3 h5 36. Ra4 g5 37. Rc4 Rxc4 38. Kxc4 Ke4 39. Kc5 Ke3 40. Kd5 Kd2 0-1